Statistics for Songs with time/days etc in the title

Click here to take the quiz!

General Stats

  • This quiz has been taken 9 times
  • The average score is 3 of 11

Answer Stats

SongArtist% Correct
ClocksColdplay
67%
One weekBareNaked ladies
44%
Autumn almunacThe kinks
33%
Turn back timeAqua
22%
7 daysCraig david
22%
Rock around the clockBill haley and his comets
11%
This year's loveDavid gray
11%
7 days in sunny juneJamiroquai
11%
Stop the clocksNoel gallaghers high flying birds
11%
Walking after midnightPatsy cline
11%
Two months offUnderworld
11%

Score Distribution

Percentile by Number Answered

Percent of People with Each Score

Your Score History

You have not taken this quiz